Countries by Four Letters - Statistics

General Stats
  • This quiz has been taken 864 times
  • The average score is 7 of 12
Answer Stats
Answer % Correct
Fiji
71%
Peru
71%
Chad
70%
Oman
70%
Iran
69%
Iraq
68%
Mali
67%
Togo
67%
Laos
65%
Cuba
57%
Ghana
15%
North Korea
11%
No matching quizzes found
Score Distribution
Percent of People with Each Score
Percentile by Number Answered
Your Score History
You have not taken this quiz